A l´ombre de L´orford

Uloženo v:
Podrobná bibliografie
Hlavní autor: Desrochers, Alfred
Médium: Kniha
Jazyk:Undetermined
Vydáno: Montreal, Canadá Fides 1948
Témata:
Tagy: Přidat tag
Žádné tagy, Buďte první, kdo vytvoří štítek k tomuto záznamu!

MARC

LEADER 00000nam a2200000Ia 4500
008 170316s9999 xx 000 0 und d
040 |a cru BVZT 
090 |a 818 D-3a 
100 |a Desrochers, Alfred 
245 2 |a A l´ombre de L´orford 
260 |a Montreal, Canadá 
260 |b Fides 
260 |c 1948 
300 |a 116 páginas 
650 |a LITERATURA CANADIENSE 
999 |c 6410  |d 6410 
942 |c 15 D  |h 818 D-3a  |2 z